| 000 | 00480nam a22002057a 4500 | ||
|---|---|---|---|
| 003 | CEME | ||
| 005 | 20210810155602.0 | ||
| 008 | 210128b xxu||||| |||| 00| 0 eng d | ||
| 020 | _a9789693519143 | ||
| 038 | _aAsad | ||
| 040 | _c. | ||
| 082 | _a891.4392 ISH | ||
| 100 |
_aIshfaq Ahmad _9348 |
||
| 245 | _aAsoodgi Talqeen Shah | ||
| 260 |
_aLAHORE _bSANG-E-MEEL PUB _c2007 |
||
| 300 | _a512P | ||
| 563 | _aHB | ||
| 650 | _2Urdu Literature-Radio Drama | ||
| 942 |
_cBK _2ddc |
||
| 999 |
_c571909 _d571909 |
||